000 00426nam a22001697a 4500
003 NUST - PNEC
005 20170116181145.0
008 151008b xxu||||| |||| 00| 0 eng d
020 _a0070964432
040 _cLIBRARY
082 _a621.954 GAN
100 _914910
_aGangopadhyay, A.K.
245 _aProduction technology
_cA.K. Gangopadhyay
260 _c1980
650 _913075
_aMetal-cutting
_xME
942 _2ddc
_cBK
999 _c70648
_d70648